000 01251cam a22003615a 4500
001 16794642
003 EG-ScBUE
005 20220620154401.0
006 m||||fq||h 00| 0
008 110524t2011 nyua f 000 0 eng d
020 _a9780194756297
040 _aEG-ScBUE
_beng
_erda
_cEG-ScBUE
_dEG-ScBUE
082 0 4 _a428.24
_bSAN
_222
100 1 _aSantamaria, Jenni Currie,
_eauthor.
_931159
245 1 0 _aQ :
_bskills for success.
_n3,
_pReading and writing,
_pTeacher's handbook /
_cJenni Currie Santamaria.
246 3 0 _aReading and writing
246 3 0 _aTeacher's handbook
264 1 _aNew York ;
_aOxford :
_bOxford University Press,
_c[2011]
264 4 _cc2011
300 _axviii, 110 pages :
_billustrations (some color) ;
_c28 cm +
_e1 CD
336 _2rdacontent
_atext
_btxt
336 _2rdacontent
_asounds
_bsnd
337 _2rdamedia
_aunmediated
_bn
337 _2rdamedia
_aaudio
_bs
338 _2rdacarrier
_avolume
_bnc
338 _2rdacarrier
_acomputer disc
_bcd
650 7 _aEnglish language
_vTextbooks for foreign speakers.
_2BUEsh
_931160
650 7 _aEnglish language
_xRhetoric.
_2BUEsh
_931161
651 _2BUEsh
653 _bHHUUEENN
_cAugust2015
_cJuly2019
655 _vReading book
_934232
942 _2ddc
_cBB
999 _c17074
_d17046